00440nam a2200193Ia 4500003000900000008004100009040001300050040001300063041000800076100002500084245005900109250001200168260001600180260000900196300001100205300001200216490001000228490000800238IT-RoPAU120407s9999 xx 000 0 und d aIT-RoPAU cIT-RoPAU aita aBronislaw Malinowski aTeoria scientifica della cultura e altri saggi. 2a ed. aMilano  aFeltrinelli c1971 a242 p. c19,5 cm aSC/10 v135